Institucionální uspořádání Na cestě k Evropské unii. 2
Jedna z úloh medzivládnej konferencie - zhodnotenie fungovania a návrh zmien inštitúcií EÚ. Jednotlivé inštitúcie EÚ, ich charakteristika a úlohy. Rada ministrov, Komisia, Európsky parlament, Európska rada, Súdny dvor, Účtovný dvor. Ostatné inštitúcie - Európska investičná banka, Ekonomický a sociál...
Saved in:
| Main Author: | |
|---|---|
| Format: | Book Chapter |
| Language: | Czech |
| Subjects: | |
| Tags: |
No Tags, Be the first to tag this record!
|
MARC
| LEADER | 00000naa a2200000 4500 | ||
|---|---|---|---|
| 001 | r020504 | ||
| 005 | 20230920091623.7 | ||
| 041 | 0 | |a cze | |
| 044 | |a CZ | ||
| 245 | 1 | 0 | |a Institucionální uspořádání |b Na cestě k Evropské unii. 2 |c Luděk Urban |
| 520 | |a Jedna z úloh medzivládnej konferencie - zhodnotenie fungovania a návrh zmien inštitúcií EÚ. Jednotlivé inštitúcie EÚ, ich charakteristika a úlohy. Rada ministrov, Komisia, Európsky parlament, Európska rada, Súdny dvor, Účtovný dvor. Ostatné inštitúcie - Európska investičná banka, Ekonomický a sociálny výbor, Výbor regiónov. Európske právo, právne akty - nariadenia, smernice, rozhodnutia, doporučenia a stanoviská. | ||
| 610 | 2 | 0 | |a Európska únia |
| 610 | 2 | 0 | |a právomoc |
| 610 | 2 | 0 | |a legislatíva |
| 610 | 2 | 0 | |a Rada ministrov |
| 610 | 2 | 0 | |a Európska komisia |
| 610 | 2 | 0 | |a Európsky parlament |
| 610 | 2 | 0 | |a Európska rada |
| 610 | 2 | 0 | |a Európsky súdny dvor |
| 610 | 2 | 0 | |a Účtovný dvor |
| 100 | 1 | |a Urban, Luděk | |